[Event "La Pobla de Lillet op-B"]
[Site "La Pobla de Lillet"]
[Date "2022.08.04"]
[Round "3"]
[White "Oms Bruguera, Arnau"]
[Black "Pla Carulla, Joaquim"]
[Result "0-1"]
[WhiteElo "1610"]
[BlackElo "1686"]
[PlyCount "74"]
[EventDate "2022.08.02"]
[EventType "swiss"]
[EventRounds "9"]
[EventCountry "ESP"]
[SourceTitle "CBM 209 Extra"]
[Source "ChessBase"]
[SourceDate "2022.09.30"]
[SourceVersion "1"]
[SourceVersionDate "2022.09.30"]
[SourceQuality "1"]

1. d4 d5 2. Nf3 Nf6 3. e3 Nbd7 4. Bd3 g6 5. 0-0 Bg7 6. Qe2 0-0 7. Nbd2 Re8 8. e4 dxe4 9. Nxe4 b6 10. c3 Bb7 11. Re1 Nxe4 12. Bxe4 Bxe4 13. Qxe4 h6 14. Bf4 c5 15. dxc5 Nxc5 16. Qc2 Qc8 17. Rad1 Qb7 18. Be5 Rad8 19. Bxg7 Kxg7 20. Rxd8 Rxd8 21. Qe2 Ne6 22. h3 Qd5 23. b3 Rd6 24. Qb2 Qf5 25. Qe2 Rd3 26. Kf1 Rxc3 27. Qb2 Qc2 28. Qa1 Kg8 29. Ne5 Nf4 30. Qb1 Qxb1 31. Rxb1 e6 32. Ng4 Kg7 33. f3 Rc2 34. Ne3 Rxa2 35. h4 Nd3 36. Nc4 b5 37. Rb2 Ra1+ 0-1

[Event "Barcelona Canovelles U2200 op"]
[Site "Barcelona"]
[Date "2018.12.27"]
[Round "1.6"]
[White "Oms Bruguera, Arnau"]
[Black "Brusi Noguera, Ricardo Ll"]
[Result "0-1"]
[WhiteElo "1555"]
[BlackElo "2083"]
[PlyCount "72"]
[EventDate "2018.12.27"]
[EventType "swiss"]
[EventRounds "8"]
[EventCountry "ESP"]
[SourceTitle "EXT 2024"]
[Source "ChessBase"]
[SourceDate "2023.10.10"]
[SourceVersion "1"]
[SourceVersionDate "2023.10.10"]
[SourceQuality "1"]

1. d4 Nf6 2. Bg5 c5 3. Nf3 Qb6 4. Bc1 e6 5. e3 Nc6 6. Nc3 d5 7. Be2 cxd4 8. Nxd4 e5 9. Nb3 Qd8 10. Nd2 Be6 11. b3 Bb4 12. Bb2 d4 13. exd4 exd4 14. Ncb1 Ne4 15. 0-0 Nc3 16. Bxc3 dxc3 17. Ne4 Qa5 18. Nd6+ Bxd6 19. Qxd6 Rd8 20. Qg3 Nd4 21. Bd3 0-0 22. Kh1 Rc8 23. a4 b5 24. Bxh7+ Kxh7 25. Qh4+ Kg8 26. Qxd4 b4 27. Na3 bxa3 28. Rxa3 Rfd8 29. Qf4 Qc7 30. Qe3 a5 31. Raa1 Rd2 32. Rac1 Bf5 33. Rfe1 Bxc2 34. Re2 Rxe2 35. Qxe2 Bxb3 36. Qg4 c2 0-1

[Event "Llinars del Valles op 11th B"]
[Site "Llinars del Valles"]
[Date "2017.06.03"]
[Round "7.24"]
[White "Oms Bruguera, Arnau"]
[Black "Lobo Pereira, Arami"]
[Result "1-0"]
[WhiteElo "1544"]
[BlackElo "1174"]
[PlyCount "71"]
[EventDate "2017.04.22"]
[EventType "swiss"]
[EventRounds "9"]
[EventCountry "ESP"]
[SourceTitle "EXT 2024"]
[Source "ChessBase"]
[SourceDate "2023.10.10"]
[SourceVersion "1"]
[SourceVersionDate "2023.10.10"]
[SourceQuality "1"]

1. d4 Nf6 2. Bg5 e6 3. Nf3 h6 4. Bh4 Be7 5. Nc3 g5 6. Bg3 c5 7. e4 g4 8. Ne5 cxd4 9. Qxd4 d6 10. Nxg4 e5 11. Nxf6+ Bxf6 12. Qa4+ Bd7 13. Qb4 Qc7 14. 0-0-0 Bg5+ 15. Kb1 a5 16. Qxd6 Qxd6 17. Rxd6 Nc6 18. Bb5 Be7 19. Rd3 Rg8 20. Nd5 Rc8 21. Nxe7 Kxe7 22. Bxc6 Bxc6 23. f3 f6 24. Rhd1 Kf7 25. Rd6 Kg6 26. Bxe5 Rgf8 27. Bc3 a4 28. a3 Rc7 29. h4 Rcf7 30. Bb4 Kh5 31. g3 f5 32. Re6 Rg8 33. Bd2 Rh8 34. Bf4 fxe4 35. g4+ Kxh4 36. Rh1# 1-0

[Event "Llinars del Valles op-B 8th"]
[Site "Llinars del Valles"]
[Date "2014.05.31"]
[Round "5"]
[White "Puig Vila, Esteve"]
[Black "Oms Bruguera, Arnau"]
[Result "0-1"]
[WhiteElo "1757"]
[BlackElo "1826"]
[PlyCount "62"]
[EventDate "2014.04.26"]
[EventType "swiss"]
[EventRounds "8"]
[EventCountry "ESP"]
[SourceTitle "EXT 2015"]
[Source "ChessBase"]
[SourceDate "2014.11.20"]
[SourceVersion "1"]
[SourceVersionDate "2014.11.20"]
[SourceQuality "1"]

1. e4 d5 2. exd5 Qxd5 3. c4 Qa5 4. Nc3 Nf6 5. Nf3 e6 6. Be2 Be7 7. Qa4+ Qxa4 8. Nxa4 b6 9. 0-0 Bb7 10. d3 Nbd7 11. Bf4 Rc8 12. Ne5 0-0 13. Bg3 Nxe5 14. Bxe5 Nd7 15. Bg3 e5 16. Nc3 f5 17. f3 Rf6 18. Bh4 Bc5+ 19. Bf2 Bxf2+ 20. Rxf2 Rd8 21. b4 c5 22. b5 Nf8 23. Bf1 Ng6 24. Re1 Re6 25. f4 Rde8 26. fxe5 Nxe5 27. Kh1 Nxd3 28. Bxd3 Rxe1+ 29. Bf1 g6 30. h3 R8e3 31. Ne2 Rxf1+ 0-1

[Event "Llinars del Valles op-B 6th"]
[Site "Llinars del Valles"]
[Date "2012.04.28"]
[Round "3"]
[White "Jimenez Moreno, Carlos"]
[Black "Oms Bruguera, Arnau"]
[Result "0-1"]
[WhiteElo "1415"]
[BlackElo "1654"]
[PlyCount "70"]
[EventDate "2012.04.14"]
[EventType "swiss"]
[EventRounds "9"]
[EventCountry "ESP"]
[SourceTitle "EXT 2013"]
[Source "ChessBase"]
[SourceDate "2012.11.22"]
[SourceVersion "1"]
[SourceVersionDate "2012.11.22"]
[SourceQuality "1"]

1. c4 c6 2. d4 d5 3. cxd5 cxd5 4. Bf4 Nc6 5. Nf3 Nf6 6. Nc3 Bf5 7. e3 h6 8. Bd3 Bxd3 9. Qxd3 e6 10. a3 Be7 11. 0-0 0-0 12. Rfe1 Nh5 13. Be5 f6 14. Bf4 Nxf4 15. exf4 Qd7 16. Re2 Bd6 17. Qd2 Rae8 18. Rae1 Rf7 19. Na4 b6 20. Nc3 Rfe7 21. b4 a6 22. g3 b5 23. Qa2 Kh8 24. Nh4 Nxd4 25. Ng6+ Kh7 26. Nxe7 Nf3+ 27. Kg2 Nxe1+ 28. Rxe1 Rxe7 29. Qc2+ g6 30. h4 Qc7 31. h5 f5 32. hxg6+ Kxg6 33. g4 d4 34. gxf5+ exf5 35. Rxe7 Bxe7 0-1

[Event "Llinars del Valles op-B 6th"]
[Site "Llinars del Valles"]
[Date "2012.04.21"]
[Round "2"]
[White "Oms Bruguera, Arnau"]
[Black "Gonzalez Navarro, Carlos Manuel"]
[Result "1-0"]
[WhiteElo "1654"]
[BlackElo "1242"]
[PlyCount "69"]
[EventDate "2012.04.14"]
[EventType "swiss"]
[EventRounds "9"]
[EventCountry "ESP"]
[SourceTitle "EXT 2013"]
[Source "ChessBase"]
[SourceDate "2012.11.22"]
[SourceVersion "1"]
[SourceVersionDate "2012.11.22"]
[SourceQuality "1"]

1. d4 Nf6 2. c4 e6 3. Nc3 Bb4 4. Bd2 0-0 5. a3 Bxc3 6. Bxc3 b6 7. e3 Bb7 8. Nf3 d6 9. Bd3 Nc6 10. 0-0 Re8 11. e4 e5 12. d5 Ne7 13. b4 c6 14. Rb1 Rc8 15. Qd2 Qd7 16. h3 Ng6 17. Kh2 Nf4 18. Ng1 Ng4+ 19. hxg4 Qxg4 20. f3 Qh5+ 21. Nh3 Rc7 22. Kg1 Nxh3+ 23. gxh3 Bc8 24. Qh2 Bxh3 25. Qg3 cxd5 26. exd5 Rce7 27. Rf2 f5 28. Rh2 Qh6 29. Re1 Rf8 30. Rxh3 Qf6 31. Re2 g6 32. f4 Rff7 33. Bc2 Rg7 34. fxe5 dxe5 35. Bxe5 1-0

[Event "Vic op 31st"]
[Site "Vic"]
[Date "2011.10.25"]
[Round "2"]
[White "Oms Bruguera, Arnau"]
[Black "Clusells Adell, Joaquin"]
[Result "1-0"]
[WhiteElo "1787"]
[BlackElo "1730"]
[PlyCount "37"]
[EventDate "2011.10.18"]
[EventType "swiss"]
[EventRounds "8"]
[EventCountry "ESP"]
[SourceTitle "EXT 2013"]
[Source "ChessBase"]
[SourceDate "2012.11.22"]
[SourceVersion "1"]
[SourceVersionDate "2012.11.22"]
[SourceQuality "1"]

1. d4 d5 2. c4 e6 3. cxd5 exd5 4. Nc3 c6 5. Bf4 Nf6 6. e3 Bb4 7. Bd3 Bxc3+ 8. bxc3 Be6 9. Nf3 Nbd7 10. 0-0 0-0 11. h3 Re8 12. Ne5 h6 13. Re1 Nxe5 14. Bxe5 Nh7 15. Bxh7+ Kxh7 16. Qb1+ Kg8 17. Qxb7 Qd7 18. Rab1 Rab8 19. Bxb8 1-0